| 000 | 00504nam a2200169Ia 4500 | ||
|---|---|---|---|
| 003 | GCL | ||
| 008 | 140319s9999 xx 000 0 ara d | ||
| 040 |
_aGCL / _cGCL |
||
| 082 | 0 | 4 |
_a962.3 _bع ص |
| 245 | 1 | 0 | _aالصلعا :رائدة القرى بماضيها العريق وحاضرها المشرف ومستقبلها المشرق |
| 300 | _a246 | ||
| 490 |
_aاعرف بلدك _v0 |
||
| 650 | 0 | 4 | _aسوهاج |
| 650 | 0 | 4 | _aالمساجد الاثرية |
| 650 | 0 | 4 | _aالصلعا |
| 942 |
_2ddc _cBK |
||
| 999 |
_c44522 _d44522 |
||